Kasshaf Fi Tarjama Insaf : / کشاف فی ترجمہ انصاف (Record no. 26919)

MARC details
000 -LEADER
fixed length control field 00719nam a22001937a 4500
003 - CONTROL NUMBER IDENTIFIER
control field BDDh-ASL
005 - DATE AND TIME OF LATEST TRANSACTION
control field 20231015030712.0
008 - FIXED-LENGTH DATA ELEMENTS--GENERAL INFORMATION
fixed length control field 211020s1936 ii ||||| |||| 00| 0 u d
040 ## - CATALOGING SOURCE
Original cataloging agency BDDh-ASL
Transcribing agency BDDh-ASL
082 ## - DEWEY DECIMAL CLASSIFICATION NUMBER
Classification number 297.20177
Item number KAS
245 10 - TITLE STATEMENT
Title Kasshaf Fi Tarjama Insaf : / کشاف فی ترجمہ انصاف
Remainder of title Al Fauzul Kabir Maa Fathul Khabir (Persian ) : / الفوز الکبير مع فتح الخبير
260 ## - PUBLICATION, DISTRIBUTION, ETC.
Place of publication, distribution, etc. Delhi :
-- Delhi :
Name of publisher, distributor, etc. Mujtabai Press ,
-- Alimi Press ,
Date of publication, distribution, etc. 1936.
300 ## - PHYSICAL DESCRIPTION
Extent 96, 72 p. :
Dimensions 24 cm.
505 ## - FORMATTED CONTENTS NOTE
Formatted contents note Two different books combined in one
650 #0 - SUBJECT ADDED ENTRY--TOPICAL TERM
9 (RLIN) 4096
Topical term or geographic name entry element Theology
General subdivision Islam
650 #0 - SUBJECT ADDED ENTRY--TOPICAL TERM
9 (RLIN) 1854
Topical term or geographic name entry element Quran
700 1# - ADDED ENTRY--PERSONAL NAME
9 (RLIN) 5254
Personal name Siddiqi, Maulavi Mohammad Ahsan
942 ## - ADDED ENTRY ELEMENTS (KOHA)
Source of classification or shelving scheme Dewey Decimal Classification
Koha item type Books
Holdings
Withdrawn status Lost status Source of classification or shelving scheme Damaged status Not for loan Collection code Home library Current library Shelving location Date acquired Source of acquisition Serial Enumeration / chronology Total Checkouts Full call number Barcode Date last seen Copy number Price effective from Koha item type Public note
    Dewey Decimal Classification     Non-fiction Asiatic Society Library Asiatic Society Library General Stacks 10/20/2021 ASB Library Collection U-0454   297.20177 KAS 112981 10/20/2021 C-1 10/20/2021 Books U-0454:A

Powered by Koha